Loading...
| Current Events | 2 | 3 | 0 | 0 | 60 | 17 | 63.40 | 5 | 5 | 0.00 | 0.00 |
| Fine Arts - Other | 0 | 3 | 0 | 0 | 30 | 123 | 128.00 | 1 | 3 | 0.00 | 0.00 |
| Social Science | 1 | 2 | 1 | 0 | 30 | 46 | 75.33 | 1 | 3 | 0.00 | 0.00 |
| Literature - World | 1 | 1 | 0 | 0 | 25 | 87 | 89.50 | 2 | 2 | 0.00 | 0.00 |
| Geography | 2 | 0 | 2 | 0 | 20 | 53 | 63.00 | 2 | 2 | 0.00 | 0.00 |
| Fine Arts - Auditory | 0 | 2 | 0 | 1 | 20 | 149 | 151.00 | 0 | 2 | 0.00 | 0.00 |
| Religion | 1 | 1 | 1 | 1 | 20 | 66 | 102.00 | 2 | 2 | 0.00 | 0.00 |
| History - World | 1 | 1 | 1 | 0 | 20 | 39 | 64.50 | 1 | 2 | 0.00 | 0.00 |
| Fine Arts - Visual | 1 | 0 | 0 | 0 | 15 | 60 | 60.00 | 1 | 1 | 0.00 | 0.00 |
| Other Academic | 1 | 0 | 0 | 0 | 15 | 32 | 32.00 | 1 | 1 | 0.00 | 0.00 |
| Philosophy | 0 | 1 | 0 | 0 | 10 | 116 | 116.00 | 0 | 1 | 0.00 | 0.00 |
| History - European | 0 | 1 | 0 | 0 | 10 | 97 | 97.00 | 0 | 1 | 0.00 | 0.00 |
| Science - Biology | 0 | 1 | 0 | 0 | 10 | 100 | 100.00 | 0 | 1 | 0.00 | 0.00 |
| Science - Other | 0 | 1 | 0 | 0 | 10 | 112 | 112.00 | 1 | 1 | 0.00 | 0.00 |
| Mythology | 0 | 1 | 0 | 0 | 10 | 96 | 96.00 | 0 | 1 | 0.00 | 0.00 |
| History - American | 0 | 1 | 1 | 0 | 5 | 80 | 80.00 | 1 | 1 | 0.00 | 0.00 |